000 01172nam a22002777a 4500
003 PE SENCICO BE
005 20251020182647.0
008 231117b |||||||| |||| 00| 0 eng d
040 _aPE SENCICO BE
_cPE SENCICO BE
041 _aspa
084 _aI
_aDIS
_a2018
_bA44
100 1 _91810
_aAltamirano Ramos, Brecia Lisbeth
_eautor
245 1 _aLa organización espacial en una oficina de arquitectura /
_cBrecia Lisbeth Altamirano Ramos
260 _aLima :
_c2018
300 _a48 h. :
_bil. col., diagrs., tabls. ;
_c30 cm.
500 _aTexto en dos volúmenes. El volumen 2 contiene planos (30 x 40 cm.).
502 _aMonografía de Titulación.-- Servicio Nacional de Capacitación para la Industria de la Construcción. Escuela Superior Técnica. Carrera Profesional Técnica en Diseño de Interiores, 2018
650 1 0 _99
_aEspacios interiores
650 2 0 _96
_aOficinas
650 2 0 _91811
_aPercepción espacial
650 2 0 _918
_aDiseño arquitectónico
650 2 0 _9615
_aPlanos
710 1 _aServicio Nacional de Capacitación para la Industria de la Construcción.
_bEscuela Superior Técnica
_91065
910 _bhfp
_chfp
942 _cMON
_2ddc
999 _c4459
_d4459